000 00700nas a2200265 4500
001 BR8901014
003 BR-BrBNA
005 20231205091451.0
007 ta
008 230509b bl.|||p| |||| 00| 00por d
040 _aBR-BrBNA
_bpor
_cBiblioteca Nacional de Agricultura
041 _a(Pt)
072 _aL53
100 1 _aViana, L.S.
245 1 _aReproducao em coelhos
650 _aCOELHO
650 _aCUNICULTURA
650 _aREPRODUCAO ANIMAL
650 _aPARTO
650 _aMATURIDADE
650 _aACASALAMENTO
773 0 _tCabras e Bodes (Brazil)
_xISSN 0102-7344
_g(1988), v. 4(18) p. 25-26
_wBR8901014
909 _a202311
_bLúcia
_c55
_dLúcia Elande
942 _2AGRIS
_n0
_cANA
999 _c125283
_d125283